000 00705nam a2200265Ia 4500
005 20260302114942.0
008 008 260114s9999 xx 000 0 eng d
020 _a9781501339530
037 _aTextbook
040 _aCRL
040 _beng
040 _cCRL
041 _2eng
041 _aeng
084 _qCRL
100 _aUtku Mogultay
_91120265
245 4 _aThe Ruins of Urban Modernity Thomas Pynchon's Against the Day
260 _bBloomsbury
260 _bBloomsbury Academic
260 _c2018
650 _aLiterary Studies
856 _uhttps://dx.doi.org/10.5040/9781501339530?locatt=label:secondary_bloomsburyCollections
942 _cEBOOK
999 _c1684420
_d1684420